banner koha

Arte e segredos do bom café: café expresso (Registro n. 9853)

MARC details
000 -LÍDER
Campo de controle fixo 01121nam a22003497a 4500
001 - NÚMERO DE CONTROLE
Número de controle BR2023000976
003 - CÓDIGO MARC DA AGÊNCIA CATALOGADORA
Campo de controle BR-BrBNA
005 - DATA E HORA DA ÚLTIMA ATUALIZAÇÃO
Campo de controle 20230823114309.0
008 - CAMPO DE TAMANHO FIXO
Campo fixo de controle 230823b bl.||||| |||| 00| 0 por d
020 ## - ISBN - INTERNATIONAL STANDARD BOOK NUMBER
ISBN 85-7333-237-9
040 ## - FONTE DA CATALOGAÇÃO
Agência catalogadora BR-BrBNA
Idioma da catalogação por
Agência que transcreveu Biblioteca Nacional de Agricultura
041 ## - CÓDIGO DO IDIOMA
Código do Idioma por
072 ## - CATEGORIA AGRIS
Código da categoria de assunto F01 ; Q02
Código do objeto 2120
090 ## - NÚMERO DE CHAMADA
Número de Chamada 2120 BR2023000976
100 ## - ENTRADA PRINCIPAL - NOME PESSOAL
Nome pessoal Relvas, Eliana
100 ## - ENTRADA PRINCIPAL - NOME PESSOAL
Nome pessoal Pinto, Mônica da Costa
100 ## - ENTRADA PRINCIPAL - NOME PESSOAL
Nome pessoal Monteiro, Chistianne da Rocha
110 ## - ENTRADA PRINCIPAL - ENTIDADE
Nome da entidade ou lugar Serviço Brasileiro de Apoio às Micro e Pequenas Empresas, Brasília, DF (Brazil)
110 ## - ENTRADA PRINCIPAL - ENTIDADE
Nome da entidade ou lugar Associação Brasileira da Indústria de Café, Rio de Janeiro, RJ (Brazil)
245 ## - TÍTULO PRINCIPAL
Título principal Arte e segredos do bom café: café expresso
Subtítulo Série Agronegócios; Coleção Café
260 ## - IMPRENTA (PUBLICAÇÃO, DISTRIBUIÇÃO, ETC.)
Lugar de publicação, distribuição, etc. Brasília, DF (Brazil)
Data de publicação, distribuição, etc 1997
300 ## - DESCRIÇÃO FÍSICA
Extensão 24 p.
500 ## - NOTA GERAL
Notas gerais 3 ref.; 16 illus.; 1 table
650 ## - ASSUNTO - THESAGRO
Cabeçalho tópico ou nome geográfico CAFÉ TRATADO
650 ## - ASSUNTO - THESAGRO
Cabeçalho tópico ou nome geográfico BEBIDA NÃO ALCOÓLICA
650 ## - ASSUNTO - THESAGRO
Cabeçalho tópico ou nome geográfico PROPRIEDADE ORGANOLÉPTICA
650 ## - ASSUNTO - THESAGRO
Cabeçalho tópico ou nome geográfico TORREFAÇÃO
650 ## - ASSUNTO - THESAGRO
Cabeçalho tópico ou nome geográfico MOAGEM
650 ## - ASSUNTO - THESAGRO
Cabeçalho tópico ou nome geográfico MOENDA
909 ## - IDENTIFICAÇÃO DO CATALOGADOR
Ano e mês da catalogação (aaaamm) 202308
Identificação do catalogador Fernando
942 ## - TIPO ESPECÍFICO
Tipo de material Livros
952 ## - LOCATION AND ITEM INFORMATION (KOHA)
-- 2023-10-05
Exemplares
Status de empréstimo Fonte de classificação Status de danificação Não pode ser emprestado Código da coleção Localização permanente Localização atual Localização na estante Total Checkouts Número de chamada Código de barras Tipo de material
  Classificação AGRIS     Agrobase Biblioteca Nacional de Agricultura - Binagri Biblioteca Nacional de Agricultura - Binagri Agrobase - Acervo Geral   2120 BR2023000976 2023-436485 Livros

BINAGRI

Telefone: (61)3218-2567/2388/3357/2097 - binagri@agro.gov.br

Ministério da Agricultura e Pecuária , Esplanada dos Ministérios, Bloco D, Anexo B, Brasília/DF, CEP: 70.043-900